Những trở lực xây dựng dân chủ ở Việt Nam [ Việt Nam Cộng Hòa ]

Saved in:
Bibliographic Details
Main Author: Võ Văn Bon
Format: Book
Language:Undetermined
Tags: Add Tag
No Tags, Be the first to tag this record!
Institutions: Trung tâm Học liệu Trường Đại học Cần Thơ
LEADER 00458nam a2200133Ia 4500
001 CTU_26409
008 210402s9999 xx 000 0 und d
082 |a 346 
082 |b B429 
100 |a Võ Văn Bon 
245 0 |a Những trở lực xây dựng dân chủ ở Việt Nam [ Việt Nam Cộng Hòa ] 
245 0 |c Võ Văn Bon 
904 |i Nguyễn Quang Điền, 981013 
980 |a Trung tâm Học liệu Trường Đại học Cần Thơ